000 00586nam a2200205Ia 4500
003 IIN
005 20240122160802.0
008 231217s9999 xx 000 0 und d
020 _cRs.850.00
_a9789389335606
040 _aIIN
_bEnglish
082 _a610.73
_bMCK
100 1 _aMcKenna , Lisa
245 1 _aMcKenna's Drug Handbook(guide):
_bfor Nursing and Midwifery
_cLisa McKenna and Sanja Mirkov
250 _a.-8th ed
260 _bWolters Kluwer
_aNew Delhi
_c2019
300 _axlii, 1430 p.
650 1 _aDrug
_vNursing and Midwifery
700 1 _aMirkov, Sanja
942 _cBOOK
999 _c505
_d505